[Event "AUT-chT2M 2223"]
[Site "Austria"]
[Date "2023.04.14"]
[Round "10.3"]
[White "Renner, Christoph"]
[Black "Marakovits, Nico"]
[Result "1/2-1/2"]
[WhiteElo "2285"]
[BlackElo "1994"]
[PlyCount "152"]
[EventDate "2022.09.30"]
[EventType "team-tourn"]
[EventRounds "11"]
[EventCountry "AUT"]
[SourceTitle "EXT 2024"]
[Source "ChessBase"]
[SourceDate "2023.10.10"]
[SourceVersion "1"]
[SourceVersionDate "2023.10.10"]
[SourceQuality "1"]
[WhiteTeam "Sauwald"]
[BlackTeam "Fuerstenfeld/Hartberg"]
[WhiteTeamCountry "AUT"]
[BlackTeamCountry "AUT"]

1. e4 c5 2. Nf3 e6 3. g3 Nc6 4. Bg2 Nf6 5. d3 e5 6. 0-0 Be7 7. Nc3 d6 8. Bg5 Be6 9. Nd2 h6 10. Bxf6 Bxf6 11. Nc4 0-0 12. Nd5 Bxd5 13. exd5 Ne7 14. a4 g6 15. Qd2 Bg7 16. b4 Rc8 17. Rab1 Qd7 18. Rb3 Rfd8 19. Rfb1 Nf5 20. Bh3 b6 21. a5 b5 22. Ne3 Nd4 23. Bxd7 Nf3+ 24. Kg2 Nxd2 25. Bxc8 Rxc8 26. c4 Nxb3 27. Rxb3 cxb4 28. Rxb4 bxc4 29. Nxc4 Rc5 30. Rb8+ Kh7 31. Rb7 e4 32. a6 exd3 33. Ne3 d2 34. Kf3 Rxd5 35. Ke2 d1Q+ 36. Nxd1 Bd4 37. Rxf7+ Kg8 38. Rd7 Re5+ 39. Kd3 Bc5 40. Ne3 Kf8 41. Ng4 Re7 42. Rb7 h5 43. Nf6 Bxf2 44. Ne4 Bg1 45. Nxd6 Re6 46. Ne4 Rxa6 47. h4 Ra3+ 48. Kc4 Bh2 49. Kd5 Bxg3 50. Nxg3 Rxg3 51. Rxa7 Re3 52. Kd4 Re1 53. Kd5 Kg8 54. Rb7 Kh8 55. Ra7 Re2 56. Rb7 Rh2 57. Rb4 Kg7 58. Ke5 Rf2 59. Rf4 Re2+ 60. Re4 Rh2 61. Rf4 Kh6 62. Ke4 Rh3 63. Ke5 Rg3 64. Rd4 Rg1 65. Rc4 Kg7 66. Rc7+ Kh6 67. Rc4 Rg2 68. Rb4 Rg4 69. Rxg4 hxg4 70. Kf4 Kh5 71. Kg3 g5 72. hxg5 Kxg5 73. Kg2 Kf4 74. Kf2 g3+ 75. Kg1 Ke4 76. Kg2 Kf4 1/2-1/2

[Event "BL2-Ost 2223"]
[Site "Germany"]
[Date "2023.02.25"]
[Round "7.4"]
[White "Weishaeutel, Moritz"]
[Black "Renner, Christoph"]
[Result "1-0"]
[WhiteElo "2401"]
[BlackElo "2285"]
[PlyCount "79"]
[EventDate "2022.10.22"]
[EventType "team-tourn"]
[EventRounds "10"]
[EventCountry "GER"]
[SourceTitle "EXT 2024"]
[Source "ChessBase"]
[SourceDate "2023.10.10"]
[SourceVersion "1"]
[SourceVersionDate "2023.10.10"]
[SourceQuality "1"]
[WhiteTeam "Erfurt"]
[BlackTeam "Garching"]
[WhiteTeamCountry "GER"]
[BlackTeamCountry "GER"]

1. d4 d5 2. c4 e6 3. Nc3 Be7 4. cxd5 exd5 5. Bf4 Nf6 6. e3 0-0 7. Bd3 c5 8. Nge2 Nc6 9. dxc5 Bxc5 10. 0-0 Be6 11. Bg5 h6 12. Bh4 Qe7 13. Rc1 Rad8 14. Bb1 g5 15. Bg3 Ne4 16. Nxe4 dxe4 17. Qc2 Bb6 18. Qxe4 f5 19. Qc2 Nb4 20. Qa4 Rd2 21. Nd4 Rxd4 22. exd4 f4 23. a3 Nc6 24. Rce1 Nxd4 25. Ba2 fxg3 26. hxg3 Qf7 27. Bxe6 Nxe6 28. Re2 Nd4 29. Rd2 Qf6 30. Qd7 Nf5 31. Qd3 Qf7 32. Rfd1 Ng7 33. Qe2 Kh8 34. Kh2 Qf6 35. Rd7 Bxf2 36. R1d3 Qg6 37. Rd8 Ne8 38. R3d6 Qf7 39. Qe5+ Kg8 40. Rxh6 1-0

[Event "BL2-Ost 2223"]
[Site "Germany"]
[Date "2022.11.27"]
[Round "4.5"]
[White "Renner, Christoph"]
[Black "Hoeglauer, Patrick"]
[Result "1/2-1/2"]
[WhiteElo "2285"]
[BlackElo "2263"]
[PlyCount "91"]
[EventDate "2022.10.22"]
[EventType "team-tourn"]
[EventRounds "10"]
[EventCountry "GER"]
[SourceTitle "EXT 2024"]
[Source "ChessBase"]
[SourceDate "2023.10.10"]
[SourceVersion "1"]
[SourceVersionDate "2023.10.10"]
[SourceQuality "1"]
[WhiteTeam "Garching"]
[BlackTeam "Bayern Muenchen II"]
[WhiteTeamCountry "GER"]
[BlackTeamCountry "GER"]

1. e4 c5 2. Nc3 Nc6 3. g3 g6 4. Bg2 Bg7 5. d3 d6 6. Nf3 e5 7. Nd2 Nge7 8. Nc4 Be6 9. h4 h6 10. a4 Qd7 11. Nb5 Nc8 12. Be3 Nd4 13. Nc3 Ne7 14. Nd5 Bg4 15. f3 Be6 16. Nxe7 Qxe7 17. c3 Nc6 18. Qd2 d5 19. exd5 Bxd5 20. 0-0 Rd8 21. Qf2 b6 22. f4 exf4 23. Bxf4 0-0 24. Rae1 Qd7 25. Bd6 Bxg2 26. Kxg2 Rfe8 27. Rxe8+ Rxe8 28. Re1 Re6 29. Rxe6 Qxe6 30. Qf3 Na5 31. Nxa5 Qxd6 32. Nc4 Qd7 33. a5 b5 34. Nd2 a6 35. Nb3 Qd6 36. Qe4 Be5 37. g4 Bf6 38. h5 Bh4 39. Qf3 Be7 40. d4 cxd4 41. Nxd4 b4 42. hxg6 Qxg6 43. Nc6 Qc2+ 44. Qf2 Qe4+ 45. Qf3 Qc2+ 46. Qf2 1/2-1/2

[Event "AUT-chT2M 2223"]
[Site "Austria"]
[Date "2022.10.21"]
[Round "4.3"]
[White "Hajnal, Zoltan"]
[Black "Renner, Christoph"]
[Result "1-0"]
[WhiteElo "2388"]
[BlackElo "2285"]
[PlyCount "85"]
[EventDate "2022.09.30"]
[EventType "team-tourn"]
[EventRounds "11"]
[EventCountry "AUT"]
[SourceTitle "EXT 2024"]
[Source "ChessBase"]
[SourceDate "2023.10.10"]
[SourceVersion "1"]
[SourceVersionDate "2023.10.10"]
[SourceQuality "1"]
[WhiteTeam "St Valentin"]
[BlackTeam "Sauwald"]
[WhiteTeamCountry "AUT"]
[BlackTeamCountry "AUT"]

1. e4 c6 2. d4 d5 3. Nc3 dxe4 4. Nxe4 Nf6 5. Nxf6+ exf6 6. c3 Bd6 7. Bd3 0-0 8. Qc2 Re8+ 9. Ne2 h5 10. Be3 Nd7 11. 0-0-0 Nf8 12. Kb1 Be6 13. h3 a5 14. Rhg1 Bh2 15. Rh1 Bc7 16. Nf4 Bxf4 17. Bxf4 b5 18. Be4 Qd7 19. Rhe1 Ng6 20. Bc1 f5 21. Bd3 Qd5 22. b3 a4 23. b4 Qxg2 24. Rg1 Qd5 25. Rg5 Ne7 26. Rdg1 g6 27. Rxh5 Qf3 28. Rhg5 Bc4 29. Bxc4 bxc4 30. R1g3 Qh1 31. Rg1 Qxh3 32. R5g3 Qh4 33. f3 f4 34. Rg4 Qf6 35. Rxf4 Qe6 36. Qh2 Kg7 37. Re4 Rh8 38. Rxe6 Rxh2 39. Rxe7 Rf2 40. Rc7 Re8 41. Rxc6 Ree2 42. Rxc4 Rxa2 43. b5 1-0

[Event "Oberliga Bayern 2122"]
[Site "Bayern"]
[Date "2022.05.15"]
[Round "5.4"]
[White "Hinterreiter, Markus"]
[Black "Renner, Christoph"]
[Result "1-0"]
[WhiteElo "2217"]
[BlackElo "2236"]
[PlyCount "77"]
[EventDate "2021.10.24"]
[EventType "team-tourn"]
[EventRounds "9"]
[EventCountry "GER"]
[SourceTitle "EXT 2024"]
[Source "ChessBase"]
[SourceDate "2023.10.10"]
[SourceVersion "1"]
[SourceVersionDate "2023.10.10"]
[SourceQuality "1"]
[WhiteTeam "Trostberg"]
[BlackTeam "Garching"]
[WhiteTeamCountry "GER"]
[BlackTeamCountry "GER"]

1. e4 e6 2. d4 d5 3. Nd2 Nc6 4. Ngf3 Nf6 5. e5 Nd7 6. c4 Be7 7. cxd5 exd5 8. Bb5 0-0 9. 0-0 a6 10. Bxc6 bxc6 11. Nb3 c5 12. Na5 Nb8 13. dxc5 Bg4 14. b4 c6 15. h3 Bh5 16. Re1 Qc8 17. Qd3 Bd8 18. Nb3 a5 19. a3 axb4 20. axb4 Rxa1 21. Nxa1 Na6 22. Bd2 Bxf3 23. Qxf3 Nc7 24. Nb3 Ne6 25. Qg4 Qa6 26. Nd4 h5 27. Qe2 Qxe2 28. Nxe2 Bc7 29. f4 Ra8 30. f5 Nd8 31. Nd4 Kf8 32. e6 Ke7 33. f6+ Kxf6 34. e7 Ne6 35. Nxc6 Re8 36. Bc3+ Kg6 37. Be5 f6 38. Bd6 Kf7 39. b5 1-0

[Event "AUT-chT2M 2122"]
[Site "Austria"]
[Date "2022.05.01"]
[Round "11.6"]
[White "Renner, Christoph"]
[Black "Tadic, Branko"]
[Result "0-1"]
[WhiteElo "2308"]
[BlackElo "2484"]
[PlyCount "98"]
[EventDate "2021.10.01"]
[EventType "team-tourn"]
[EventRounds "11"]
[EventCountry "AUT"]
[SourceTitle "EXT 2023"]
[Source "ChessBase"]
[SourceDate "2022.10.05"]
[SourceVersion "1"]
[SourceVersionDate "2022.10.05"]
[SourceQuality "1"]
[WhiteTeam "Sauwald"]
[BlackTeam "Pinggau Friedberg"]
[WhiteTeamCountry "AUT"]
[BlackTeamCountry "AUT"]

1. d4 d5 2. Nf3 Nf6 3. c3 Bf5 4. Qb3 Qc8 5. Bf4 a5 6. a4 h6 7. e3 e6 8. h3 Be7 9. Be2 0-0 10. 0-0 c5 11. Na3 c4 12. Qa2 Ne4 13. Nb5 g5 14. Bh2 h5 15. b3 cxb3 16. Qxb3 g4 17. hxg4 hxg4 18. Ne5 Nd2 19. Qd1 Nxf1 20. Bxf1 f6 21. Nxg4 Kg7 22. Rc1 Nc6 23. f3 Bxg4 24. fxg4 Qd7 25. Bd3 Rac8 26. Qf3 Nd8 27. g5 f5 28. Be5+ Kg6 29. g4 Nf7 30. Rf1 Nxe5 31. dxe5 Bxg5 32. Nd4 Kf7 33. gxf5 Ke7 34. Bb5 Qc7 35. f6+ Bxf6 36. exf6+ Kd6 37. c4 Qh7 38. Rf2 Qb1+ 39. Rf1 Qg6+ 40. Qg2 Rxf6 41. Rxf6 Qxf6 42. cxd5 Rc1+ 43. Bf1 exd5 44. Ne2 Rc7 45. Qh2+ Qe5 46. Qxe5+ Kxe5 47. Nd4 Rc3 48. Kf2 Ra3 49. Nf3+ Kf5 0-1

[Event "Oberliga Bayern 2122"]
[Site "Bayern"]
[Date "2022.04.03"]
[Round "7.5"]
[White "Renner, Christoph"]
[Black "Hitzler, Philipp"]
[Result "1/2-1/2"]
[WhiteElo "2236"]
[BlackElo "2218"]
[PlyCount "77"]
[EventDate "2021.10.24"]
[EventType "team-tourn"]
[EventRounds "9"]
[EventCountry "GER"]
[SourceTitle "EXT 2024"]
[Source "ChessBase"]
[SourceDate "2023.10.10"]
[SourceVersion "1"]
[SourceVersionDate "2023.10.10"]
[SourceQuality "1"]
[WhiteTeam "Garching"]
[BlackTeam "Regensburg Post/Sued"]
[WhiteTeamCountry "GER"]
[BlackTeamCountry "GER"]

1. e4 e5 2. Nf3 Nc6 3. Bc4 Bc5 4. 0-0 Nf6 5. d3 0-0 6. c3 d5 7. exd5 Nxd5 8. Re1 Nb6 9. Bb3 Bg4 10. h3 Bh5 11. Be3 Bxe3 12. Rxe3 Nd5 13. Bxd5 Qxd5 14. Nbd2 Rfd8 15. Qb3 f6 16. Rc1 Qxb3 17. axb3 Rd5 18. b4 Rad8 19. Nb3 b6 20. d4 Bxf3 21. Rxf3 exd4 22. Nxd4 Nxd4 23. cxd4 R8d7 24. Ra3 Rxd4 25. Rxa7 Rxb4 26. Rc2 Rbd4 27. Raxc7 Rxc7 28. Rxc7 Rd2 29. g4 Rxb2 30. Rb7 h5 31. gxh5 Kh7 32. Kg2 Rb5 33. Kg3 Rg5+ 34. Kh4 b5 35. f4 Rc5 36. Rb8 Rd5 37. Kg4 Rc5 38. Kh4 Rd5 39. Kg4 1/2-1/2

[Event "AUT-chT2M 2122"]
[Site "Austria"]
[Date "2021.10.22"]
[Round "4.3"]
[White "Renner, Christoph"]
[Black "Riemelmoser, Franz"]
[Result "1-0"]
[WhiteElo "2308"]
[BlackElo "2252"]
[PlyCount "95"]
[EventDate "2021.10.01"]
[EventType "team-tourn"]
[EventRounds "11"]
[EventCountry "AUT"]
[SourceTitle "EXT 2023"]
[Source "ChessBase"]
[SourceDate "2022.10.05"]
[SourceVersion "1"]
[SourceVersionDate "2022.10.05"]
[SourceQuality "1"]
[WhiteTeam "Sauwald"]
[BlackTeam "Villach Admira"]
[WhiteTeamCountry "AUT"]
[BlackTeamCountry "AUT"]

1. e4 e6 2. d3 d5 3. Qe2 dxe4 4. dxe4 b6 5. Nf3 Ba6 6. c4 Bb4+ 7. Bd2 Bxd2+ 8. Nbxd2 Nc6 9. Qe3 e5 10. Qc3 Qf6 11. c5 Bxf1 12. Kxf1 Nge7 13. g3 0-0 14. Kg2 Rfd8 15. Rhd1 Nd4 16. Nxd4 exd4 17. Qf3 Qe6 18. Qb3 Qg6 19. Rac1 h5 20. cxb6 cxb6 21. Rc7 Qd6 22. Qc4 Rac8 23. Rxc8 Rxc8 24. Qb5 Qe6 25. Qxh5 g6 26. Qh4 Rc5 27. Nf3 Rh5 28. Qf4 Nc6 29. h4 Qxa2 30. Nxd4 Nxd4 31. Rxd4 Qe6 32. Qb8+ Kg7 33. Qxa7 g5 34. Qd7 Qxd7 35. Rxd7 gxh4 36. gxh4 Rxh4 37. Rd4 Rh6 38. Rb4 Rd6 39. Rb5 f6 40. Kf3 Kf7 41. Kf4 Ke6 42. f3 Rc6 43. Rb3 Rd6 44. Rc3 b5 45. Rc5 b4 46. Rb5 Rd4 47. Rb6+ Ke7 48. b3 1-0

[Event "AUT-chT2M 2122"]
[Site "Austria"]
[Date "2021.10.03"]
[Round "3.3"]
[White "Mazi, Leon"]
[Black "Renner, Christoph"]
[Result "1-0"]
[WhiteElo "2349"]
[BlackElo "2308"]
[PlyCount "64"]
[EventDate "2021.10.01"]
[EventType "team-tourn"]
[EventRounds "11"]
[EventCountry "AUT"]
[SourceTitle "CBM 204 Extra"]
[Source "ChessBase"]
[SourceDate "2021.11.30"]
[SourceVersion "1"]
[SourceVersionDate "2021.11.30"]
[SourceQuality "1"]
[WhiteTeam "St Veit/Glan II"]
[BlackTeam "Sauwald"]
[WhiteTeamCountry "AUT"]
[BlackTeamCountry "AUT"]

1. e4 e6 2. d4 d5 3. Nc3 Nc6 4. Nf3 Nf6 5. e5 Ne4 6. Ne2 Bd7 7. c3 f6 8. exf6 gxf6 9. Ng3 Qe7 10. Nxe4 dxe4 11. Nd2 0-0-0 12. Nxe4 Rg8 13. Qe2 e5 14. d5 Nb8 15. Qc4 Qf7 16. Be3 f5 17. Ng5 Qg6 18. h4 h6 19. Nf3 Bd6 20. Bxa7 Qf6 21. 0-0-0 Rg4 22. Qe2 Ra4 23. Bxb8 Kxb8 24. Kb1 b6 25. Nd2 Kb7 26. Nb3 f4 27. Nc1 Bf5+ 28. Ka1 Rda8 29. Qd2 Qg6 30. Bb5 Qxg2 31. Bc6+ Ka7 32. Bxa4 Qe4 1-0

[Event "BL2-Ost 1920"]
[Site "Germany"]
[Date "2020.02.09"]
[Round "8.3"]
[White "Leisch, Lukas"]
[Black "Renner, Christoph"]
[Result "1-0"]
[WhiteElo "2344"]
[BlackElo "2325"]
[PlyCount "67"]
[EventDate "2019.10.19"]
[EventType "team-tourn"]
[EventRounds "11"]
[EventCountry "GER"]
[SourceTitle "CBM 194 Extra"]
[Source "ChessBase"]
[SourceDate "2020.03.31"]
[SourceVersion "1"]
[SourceVersionDate "2020.03.31"]
[SourceQuality "1"]
[WhiteTeam "Passau"]
[BlackTeam "Garching"]
[WhiteTeamCountry "GER"]
[BlackTeamCountry "GER"]

1. c4 f5 2. d4 Nf6 3. Nc3 e6 4. Qc2 Nc6 5. Nf3 Be7 6. a3 d6 7. b4 0-0 8. Bb2 e5 9. dxe5 Nxe5 10. Nxe5 dxe5 11. e4 a5 12. Rd1 Qe8 13. c5 axb4 14. axb4 Qg6 15. Nd5 Nxd5 16. exd5 e4 17. Bc4 Kh8 18. 0-0 f4 19. f3 Bf5 20. fxe4 Bxe4 21. Bd3 Bxd3 22. Qxd3 Qxd3 23. Rxd3 Ra4 24. Bc3 Kg8 25. Re1 Bh4 26. Re4 Ra3 27. Rf3 g5 28. Re7 Rd8 29. g3 Rxd5 30. gxh4 Rd1+ 31. Kg2 Ra2+ 32. Kh3 Rh1 33. hxg5 Raxh2+ 34. Kg4 1-0

[Event "AUT-chT2M 1920"]
[Site "Austria"]
[Date "2019.11.10"]
[Round "6.1"]
[White "Kadric, Denis"]
[Black "Renner, Christoph"]
[Result "1/2-1/2"]
[WhiteElo "2588"]
[BlackElo "2311"]
[PlyCount "85"]
[EventDate "2019.10.11"]
[EventType "team-tourn"]
[EventRounds "11"]
[EventCountry "AUT"]
[SourceTitle "CBM 192 Extra"]
[Source "Chessbase"]
[SourceDate "2019.11.06"]
[SourceVersion "1"]
[SourceVersionDate "2019.11.06"]
[SourceQuality "1"]
[WhiteTeam "Pinggau Friedberg"]
[BlackTeam "Sauwald"]
[WhiteTeamCountry "AUT"]
[BlackTeamCountry "AUT"]

1. e4 e5 2. Nf3 Nc6 3. Bc4 Bc5 4. 0-0 d6 5. c3 Bb6 6. d3 Bg4 7. Nbd2 Qf6 8. a4 Nge7 9. Qe1 Ng6 10. Kh1 Nf4 11. b4 a5 12. b5 Ne7 13. Ng1 h5 14. g3 Nh3 15. f3 Bd7 16. Ne2 h4 17. f4 hxg3 18. Qxg3 0-0-0 19. Nf3 exf4 20. Bxf4 Rh5 21. Nfd4 Nxf4 22. Qxf4 Rdh8 23. Rf2 d5 24. Qxf6 gxf6 25. exd5 Bg4 26. d6 cxd6 27. Bxf7 R5h7 28. Rg2 f5 29. Be6+ Kb8 30. Re1 Rh6 31. Ng1 Bxd4 32. cxd4 Ng6 33. Rd2 Nf4 34. Bf7 Kc7 35. b6+ Kd8 36. Rc1 d5 37. Rf1 Ne2 38. Rf2 Nxd4 39. Bxd5 Rxb6 40. Rf4 Rb4 41. Bxb7 Kc7 42. Bg2 Kd6 43. Ra2 1/2-1/2

[Event "BL2-Ost 1920"]
[Site "Germany"]
[Date "2019.10.19"]
[Round "1.3"]
[White "Renner, Christoph"]
[Black "Meijers, Viesturs"]
[Result "0-1"]
[WhiteElo "2325"]
[BlackElo "2439"]
[PlyCount "112"]
[EventDate "2019.10.19"]
[EventType "team-tourn"]
[EventRounds "11"]
[EventCountry "GER"]
[SourceTitle "CBM 194 Extra"]
[Source "ChessBase"]
[SourceDate "2020.03.31"]
[SourceVersion "1"]
[SourceVersionDate "2020.03.31"]
[SourceQuality "1"]
[WhiteTeam "Garching"]
[BlackTeam "Nickelhuette Aue"]
[WhiteTeamCountry "GER"]
[BlackTeamCountry "GER"]

1. e4 c5 2. Be2 b6 3. f4 Bb7 4. d3 e6 5. Nf3 d5 6. Nbd2 Nf6 7. e5 Ng4 8. Nf1 Be7 9. d4 h5 10. c3 g6 11. Ng5 Nh6 12. Ne3 Qd7 13. 0-0 Ba6 14. Bxa6 Nxa6 15. Nxe6 Qxe6 16. Qa4+ b5 17. Qxb5+ Kf8 18. c4 cxd4 19. cxd5 Qb6 20. Qxb6 axb6 21. Nc4 Bc5 22. Bd2 b5 23. Na5 d3+ 24. Kh1 Ng4 25. h3 Nf2+ 26. Kh2 Ne4 27. Nb3 Nxd2 28. Nxd2 Nb4 29. Ne4 Bb6 30. f5 Nxd5 31. fxg6 Ra7 32. Nd6 Kg7 33. gxf7 Bc7 34. Ne8+ Kf8 35. Nxc7 Rxc7 36. e6 Rh6 37. Rf3 Rxe6 38. Rxd3 Nf4 39. Rf3 Rf6 40. Re1 Kxf7 41. Re4 Nd5 42. Rb3 Rc2 43. Rxb5 Rg6 44. Kh1 Rcxg2 45. h4 Rd2 46. Re5 Rc6 47. Re1 Rc4 48. a3 Rxh4+ 49. Kg1 Rg4+ 50. Kh1 Rc4 51. Rb7+ Kf6 52. Rf1+ Kg5 53. Rg7+ Kh4 54. b4 Ne3 55. Re1 Ng4 56. b5 Rcc2 0-1

[Event "BL2-Ost 1819"]
[Site "Germany"]
[Date "2019.03.23"]
[Round "9.2"]
[White "Braeuer, Franz"]
[Black "Renner, Christoph"]
[Result "1-0"]
[WhiteElo "2439"]
[BlackElo "2317"]
[PlyCount "125"]
[EventDate "2018.11.10"]
[EventType "team-tourn"]
[EventRounds "10"]
[EventCountry "GER"]
[SourceTitle "CBM 190 Extra"]
[Source "ChessBase"]
[SourceDate "2019.07.15"]
[SourceVersion "1"]
[SourceVersionDate "2019.07.15"]
[SourceQuality "1"]
[WhiteTeam "Erfurt"]
[BlackTeam "Garching"]
[WhiteTeamCountry "GER"]
[BlackTeamCountry "GER"]

1. e4 e5 2. Nf3 Nc6 3. d4 exd4 4. Nxd4 g6 5. Nxc6 bxc6 6. Bd3 Bg7 7. 0-0 Ne7 8. Nd2 0-0 9. Re1 d6 10. Nf3 Rb8 11. c3 c5 12. h3 Nc6 13. Qc2 Be6 14. Bf4 f6 15. Nd2 Kh8 16. Bc4 Bd7 17. Nf3 Qe7 18. Qd2 a5 19. Bg3 a4 20. Qc2 Rb6 21. Bd5 Na5 22. b4 axb3 23. axb3 Nc6 24. Nd2 Re8 25. Nc4 Rbb8 26. Ra6 Ne5 27. Bxe5 fxe5 28. Ra7 Rec8 29. Na5 Qe8 30. Nc4 Bf8 31. Ne3 Bh6 32. Qd3 Bxe3 33. Qxe3 Be6 34. Qd3 Bxd5 35. Qxd5 Qg8 36. Qc6 Qd8 37. Rb1 Rb6 38. Qd5 Qg8 39. b4 Qxd5 40. exd5 cxb4 41. cxb4 Kg8 42. Kf1 Rb5 43. Ra5 Rb7 44. Ke2 Kf7 45. b5 h6 46. Rb4 Rcb8 47. Ke3 Ke7 48. Rb1 Rf8 49. Rb4 Kd7 50. Ra3 g5 51. g3 e4 52. Ra2 Re8 53. Kd4 Re5 54. Ra8 Rf5 55. Rb2 e3 56. fxe3 Rf3 57. Rh8 Rxg3 58. Rxh6 g4 59. Rh7+ Kc8 60. Rh8+ Kd7 61. Rf2 Ke7 62. Rh7+ Ke8 63. Ra2 1-0

[Event "AUT-chT2M 1819"]
[Site "Austria"]
[Date "2019.03.03"]
[Round "11.1"]
[White "Wertjanz, David"]
[Black "Renner, Christoph"]
[Result "0-1"]
[WhiteElo "2321"]
[BlackElo "2344"]
[PlyCount "80"]
[EventDate "2018.10.19"]
[EventType "team-tourn"]
[EventRounds "11"]
[EventCountry "AUT"]
[SourceTitle "CBM 189 Extra"]
[Source "ChessBase"]
[SourceDate "2019.06.03"]
[SourceVersion "1"]
[SourceVersionDate "2019.06.03"]
[SourceQuality "1"]
[WhiteTeam "Die Klagenfurter"]
[BlackTeam "Sauwald"]
[WhiteTeamCountry "AUT"]
[BlackTeamCountry "AUT"]

1. e4 e5 2. Nf3 Nc6 3. Bb5 a6 4. Ba4 d6 5. c4 Nf6 6. Nc3 Bg4 7. d4 exd4 8. Bxc6+ bxc6 9. Qxd4 Nd7 10. Bg5 f6 11. Be3 Be7 12. Nd2 Ne5 13. Bf4 0-0 14. 0-0 Qd7 15. b4 Rab8 16. a3 Be6 17. Rfd1 Ng6 18. Bg3 h5 19. h3 f5 20. exf5 Rxf5 21. Nde4 h4 22. Bh2 Rbf8 23. Rf1 Nf4 24. Rad1 Qe8 25. Bxf4 Rxf4 26. Ne2 R4f5 27. Qd3 Qf7 28. f3 Bxc4 29. Qd2 d5 30. N4c3 Bg5 31. Qc2 Re8 32. f4 Bxf4 33. Kh1 Rf8 34. Rf3 Bd6 35. Nd4 Rxf3 36. Nxf3 Qe7 37. Qg6 Qf6 38. Qc2 Qf4 39. Rd4 Qxd4 40. Qg6 Qf6 0-1

[Event "AUT-chT2M 1819"]
[Site "Austria"]
[Date "2019.03.01"]
[Round "9.1"]
[White "Huber, Martin Christian"]
[Black "Renner, Christoph"]
[Result "1/2-1/2"]
[WhiteElo "2352"]
[BlackElo "2344"]
[PlyCount "74"]
[EventDate "2018.10.19"]
[EventType "team-tourn"]
[EventRounds "11"]
[EventCountry "AUT"]
[SourceTitle "CBM 189 Extra"]
[Source "ChessBase"]
[SourceDate "2019.06.03"]
[SourceVersion "1"]
[SourceVersionDate "2019.06.03"]
[SourceQuality "1"]
[WhiteTeam "Graz Schachfreunde"]
[BlackTeam "Sauwald"]
[WhiteTeamCountry "AUT"]
[BlackTeamCountry "AUT"]

1. d4 f5 2. g3 Nf6 3. Bg2 g6 4. Nf3 Bg7 5. 0-0 0-0 6. c4 c6 7. Nc3 d6 8. b3 Na6 9. Bb2 Qc7 10. Rc1 e5 11. Nb5 Qd8 12. dxe5 dxe5 13. Ba3 e4 14. Ng5 h6 15. Nh3 cxb5 16. cxb5 Re8 17. bxa6 bxa6 18. Nf4 g5 19. Qxd8 Rxd8 20. Ng6 Nd5 21. Rfd1 Be6 22. Ne7+ Nxe7 23. Bxe7 Rxd1+ 24. Rxd1 Rc8 25. Rd8+ Rxd8 26. Bxd8 Bd4 27. e3 Bb6 28. Bxb6 axb6 29. g4 Kf7 30. Kf1 Kf6 31. Ke2 Ke5 32. gxf5 Bxf5 33. Kd2 a5 34. Bf1 Bd7 35. Kc3 b5 36. b4 a4 37. a3 h5 1/2-1/2

[Event "AUT-chT2M 1819"]
[Site "Austria"]
[Date "2018.11.25"]
[Round "5.2"]
[White "Renner, Christoph"]
[Black "Haba, Petr"]
[Result "1-0"]
[WhiteElo "2337"]
[BlackElo "2447"]
[PlyCount "53"]
[EventDate "2018.10.19"]
[EventType "team-tourn"]
[EventRounds "11"]
[EventCountry "AUT"]
[SourceTitle "CBM 187 Extra"]
[Source "ChessBase"]
[SourceDate "2018.11.04"]
[SourceVersion "1"]
[SourceVersionDate "2018.11.04"]
[SourceQuality "1"]
[WhiteTeam "Sauwald"]
[BlackTeam "Grieskirchen/Bad Schallenberg"]
[WhiteTeamCountry "AUT"]
[BlackTeamCountry "AUT"]

1. e4 c5 2. d3 Nc6 3. g3 g6 4. Bg2 Bg7 5. f4 e6 6. Nf3 Nge7 7. 0-0 0-0 8. c3 d6 9. Be3 b6 10. Na3 Bb7 11. Re1 Rc8 12. d4 cxd4 13. Nxd4 Nxd4 14. Bxd4 e5 15. Be3 Qd7 16. Qd3 Rfd8 17. Rad1 exf4 18. Bxf4 Qe6 19. Nb5 Nc6 20. Qd5 Be5 21. Qxe6 fxe6 22. Bh3 Rb8 23. Bxe6+ Kf8 24. Bg5 a6 25. Nc7 d5 26. Rf1+ Kg7 27. exd5 1-0

[Event "AUT-chT2M 1718"]
[Site "Austria"]
[Date "2018.04.07"]
[Round "11.3"]
[White "Wertjanz, David"]
[Black "Renner, Christoph"]
[Result "1/2-1/2"]
[WhiteElo "2350"]
[BlackElo "2333"]
[PlyCount "66"]
[EventDate "2017.10.27"]
[EventType "team-tourn"]
[EventRounds "11"]
[EventCountry "AUT"]
[SourceTitle "EXT 2019"]
[Source "ChessBase"]
[SourceDate "2018.10.10"]
[SourceVersion "1"]
[SourceVersionDate "2018.10.10"]
[SourceQuality "1"]
[WhiteTeam "Die Klagenfurter"]
[BlackTeam "Sauwald"]
[WhiteTeamCountry "AUT"]
[BlackTeamCountry "AUT"]

1. e4 e6 2. d4 d5 3. Nd2 a6 4. Ngf3 c5 5. exd5 exd5 6. Be2 Nf6 7. 0-0 Be7 8. Re1 0-0 9. dxc5 Bxc5 10. Nb3 Bb6 11. Nfd4 Nc6 12. c3 Re8 13. Be3 Bc7 14. Nxc6 bxc6 15. Bf3 Bf5 16. g3 Rb8 17. Nd4 Qd7 18. Nxf5 Qxf5 19. Rb1 h5 20. Bg2 Ne4 21. Qf3 Qg6 22. Bh3 Ng5 23. Bxg5 Qxg5 24. Bd7 Rxe1+ 25. Rxe1 Qg6 26. Qe2 h4 27. Qxa6 hxg3 28. hxg3 Bxg3 29. Qxc6 Bd6+ 30. Kf1 Qd3+ 31. Kg2 Qg6+ 32. Kf1 Qd3+ 33. Kg2 Qg6+ 1/2-1/2

[Event "BL2-Ost 1718"]
[Site "Germany"]
[Date "2018.02.25"]
[Round "10.2"]
[White "Antal, Gergely"]
[Black "Renner, Christoph"]
[Result "1-0"]
[WhiteElo "2529"]
[BlackElo "2333"]
[PlyCount "63"]
[EventDate "2017.10.21"]
[EventType "team-tourn"]
[EventRounds "10"]
[EventCountry "GER"]
[SourceTitle "CBM 183 Extra"]
[Source "ChessBase"]
[SourceDate "2018.04.19"]
[SourceVersion "1"]
[SourceVersionDate "2018.04.19"]
[SourceQuality "1"]
[WhiteTeam "Nickelhuette Aue"]
[BlackTeam "Garching"]
[WhiteTeamCountry "GER"]
[BlackTeamCountry "GER"]

1. e4 g6 2. d4 Bg7 3. Nc3 d6 4. f4 a6 5. Nf3 b5 6. e5 Nh6 7. a4 b4 8. Ne4 0-0 9. Bd3 Nd7 10. c3 bxc3 11. bxc3 c5 12. 0-0 cxd4 13. cxd4 Nf5 14. Rb1 Qc7 15. Kh1 Qa7 16. g4 Nh6 17. h3 Bb7 18. exd6 exd6 19. Nxd6 Bd5 20. g5 Nf5 21. Nxf5 gxf5 22. Bxf5 f6 23. Qd3 fxg5 24. Bxh7+ Kh8 25. Be4 Bxe4 26. Qxe4 Nf6 27. Qg6 gxf4 28. Bxf4 Qd7 29. Qg2 Nh5 30. Ne5 Bxe5 31. Bxe5+ Kh7 32. Qe4+ 1-0